Plec de prescripcions tècniques per a l'elaboració de cartografia topogràfica : 3D 1: 1000 i 1: 2000 3D 1:
Descripción Física:
32 p. ; 30 cm + 1 CD-ROM
Colección:
Plecs (Barcelona (Catalunya : Província). Diputació)
; 3
Idioma:
Catalán
MARC
| LEADER | 00000nam a2200000Ia 4500 | ||
|---|---|---|---|
| 001 | 14023 | ||
| 003 | Arxiu | ||
| 005 | 20260324175226.0 | ||
| 008 | 160829s2002 spc xx s cat c | ||
| 080 | |a H-2-143 | ||
| 245 | |a Plec de prescripcions tècniques per a l'elaboració de cartografia topogràfica : |b 3D 1: |b 1000 i 1: |b 2000 | ||
| 250 | |a Ed. no venal | ||
| 260 | |a Barcelona : |b Diputació de Barcelona, Xarxa de Municipis, Àrea de Cooperació, |c 2002 | ||
| 300 | |a 32 p. ; |c 30 cm + 1 CD-ROM | ||
| 490 | 1 | |a Plecs (Diputació de Barcelona) ; |v 3 | |
| 650 | |a Fotogrametria aèria |x Tècnica |9 21959 | ||
| 650 | |a Cartografia |x Tècnica |9 21960 | ||
| 710 | 1 | |a Barcelona (Catalunya : Província). |b Àrea de Cooperació |9 54368 | |
| 830 | 0 | |a Plecs (Barcelona (Catalunya : Província). Diputació) |v 3 |9 55980 | |
| 901 | |a Arxiu | ||
| 942 | |n 1 |2 udc | ||
| 952 | |0 0 |1 0 |4 0 |6 H2143 |7 1 |9 41963 |a Arxiu |b Arxiu |d 2016-12-01 |l 0 |o H-2-143 |p 14023 |r 2016-12-01 00:00:00 |w 2016-12-01 |y ARXIU | ||
| 999 | |c 44410 |d 44410 | ||